| 000 | 00598nam a2200217 a 4500 | ||
|---|---|---|---|
| 001 | 3655 | ||
| 003 | CDMR | ||
| 005 | 20131002093230.0 | ||
| 008 | 130130s1998||||||||||||||||||||||||||||d | ||
| 020 | _a8488788444 | ||
| 040 |
_aCDMR _bcat _cCDMR |
||
| 100 | 1 |
_aMillerson, Gerald _92602 |
|
| 245 | 1 | 0 |
_aRealización y producción en televisión _cGerald Millerson |
| 250 | _a4a ed. | ||
| 260 |
_aMadrid _c2001 _bIORTV |
||
| 300 |
_a919 p. _bil. b/n |
||
| 490 | 0 | _aManuales profesionales | |
| 650 | 0 | 4 |
_9433 _aTelevisió _xProducció i direcció |
| 650 | 0 | 4 |
_93785 _aTelevisió _xTècnica |
| 942 |
_cMON _2udc |
||
| 999 |
_c3655 _d3655 |
||